[Event "Intermat 33rd"]
[Site "Redmond"]
[Date "2024.04.20"]
[Round "2.25"]
[White "Imoo, Joshua"]
[Black "Yu, Jason"]
[Result "0-1"]
[WhiteElo "1694"]
[BlackElo "2247"]
[EventType "team-match"]
[EventRounds "2"]
[EventCountry "USA"]

1. e4 e5 2. Nf3 Nc6 3. Bc4 Bc5 4. d3 Nf6 5. c3 a6 6. O-O d6 7. Bb3 h6 8. Nbd2
Ba7 9. h3 g5 10. Nh2 g4 11. hxg4 Rg8 12. g5 Rxg5 13. Ndf3 Rh5 14. Be3 Ng4 15.
Nxg4 Bxg4 16. Bxa7 Rxa7 17. Re1 Qf6 18. Qe2 Bxf3 19. Qxf3 Qxf3 20. gxf3 Ne7
21. Kf1 Ng6 22. Ke2 Nf4+ 23. Kd2 Rh3 24. Bd1 Rh2 25. Rf1 Ke7 26. Ke3 Ra8 27.
Bb3 Rg8 28. Rh1 Rxh1 29. Rxh1 h5 30. d4 h4 31. d5 c6 32. c4 cxd5 33. exd5 f5
34. Bc2 Kf6 35. Bd3 h3 36. b3 Kg5 37. Bf1 Kh4 38. Bd3 Nxd3 39. Kxd3 Rg2 40.
Ke3 h2 41. c5 dxc5 42. d6 Kh3 43. d7 Rg8 44. Rd1 Kg2 45. f4 e4 46. Ke2 h1=Q
47. d8=Q Rxd8 48. Rxd8 Qf1+ 49. Ke3 Qe1# 0-1

[Event "Intermat 33rd"]
[Site "Redmond"]
[Date "2024.04.20"]
[Round "2.26"]
[White "Harms, Reece"]
[Black "Chang, Eddie"]
[Result "0-1"]
[WhiteElo "1949"]
[BlackElo "1825"]
[EventType "team-match"]
[EventRounds "2"]
[EventCountry "USA"]

1. d4 d5 2. c4 c6 3. cxd5 cxd5 4. Bf4 Nc6 5. Nc3 Nf6 6. e3 a6 7. Rc1 Bg4 8.
Qb3 Na5 9. Qa4+ Nc6 10. Be2 Bxe2 11. Ngxe2 e6 12. O-O Be7 13. h3 O-O 14. Bh2
Qb6 15. Qc2 Rfc8 16. Qd2 Na5 17. b3 Bb4 18. Qd3 Qd8 19. Na4 Rxc1 20. Rxc1 Ba3
21. Bc7 Qe8 22. Bxa5 Bxc1 23. Nxc1 Qb5 24. Bb6 Rc8 25. Qxb5 axb5 26. Nc5 Nd7
27. Nxd7 Rxc1+ 28. Kh2 Ra1 29. Kg3 Rxa2 30. Nc5 Rb2 31. Bc7 Kf8 32. f3 Ke7 33.
Nxb7 Rxb3 34. Bd6+ Ke8 35. Kf4 f6 36. h4 Rb1 37. Bc5 b4 38. Nd6+ Kd7 39. e4 b3
40. exd5 exd5 41. g4 Ra1 42. Nb5 b2 43. Nc3 Rc1 44. Nb1 Rxb1 45. Ba3 Kc6 46.
g5 fxg5+ 47. hxg5 h5 48. gxh6 gxh6 49. Kf5 h5 50. f4 h4 51. Bxb2 Rxb2 52. Kg4
Rf2 {#R} 0-1